<?xml version='1.0' encoding='UTF-8'?>
  <record xmlns="http://www.loc.gov/MARC21/slim">
    <leader>00000cam a2200000 i 4500</leader>
    <controlfield tag="001">ocn906245503</controlfield>
    <controlfield tag="003">OCoLC</controlfield>
    <controlfield tag="005">20250719233408.9</controlfield>
    <controlfield tag="008">900418s1771    gw            000 0 fre d</controlfield>
    <datafield tag="040" ind1=" " ind2=" ">
      <subfield code="a">NLGGC</subfield>
      <subfield code="b">dut</subfield>
      <subfield code="e">fobidrtb</subfield>
      <subfield code="c">NLGGC</subfield>
      <subfield code="d">OCLCO</subfield>
      <subfield code="d">OCLCF</subfield>
      <subfield code="d">OCLCO</subfield>
      <subfield code="d">OCLCL</subfield>
      <subfield code="d">OCLCQ</subfield>
    </datafield>
    <datafield tag="029" ind1="0" ind2=" ">
      <subfield code="a">NLGGC</subfield>
      <subfield code="b">08436274X</subfield>
    </datafield>
    <datafield tag="035" ind1=" " ind2=" ">
      <subfield code="a">(OCoLC)906245503</subfield>
    </datafield>
    <datafield tag="050" ind1=" " ind2="4">
      <subfield code="a">NE880</subfield>
      <subfield code="b">.H4</subfield>
    </datafield>
    <datafield tag="100" ind1="1" ind2=" ">
      <subfield code="a">Heinecken, Karl Heinrich von,</subfield>
      <subfield code="d">1706-1791.</subfield>
      <subfield code="1">https://id.oclc.org/worldcat/entity/E39PBJdmpKG6Wp6DTPRfKDGPwC</subfield>
    </datafield>
    <datafield tag="245" ind1="1" ind2="0">
      <subfield code="a">Idée générale d'une collection complette d'estampes. Avec une dissertation sur l'origine de la gravure &amp; sur les premiers livres d'images.</subfield>
    </datafield>
    <datafield tag="260" ind1=" " ind2=" ">
      <subfield code="a">A Leipsic ;</subfield>
      <subfield code="a">et Vienne :</subfield>
      <subfield code="b">chez Jean Paul Kraus.,</subfield>
      <subfield code="c">1771.</subfield>
    </datafield>
    <datafield tag="300" ind1=" " ind2=" ">
      <subfield code="a">[16], 520, [32] p., [32] bl. pl. :</subfield>
      <subfield code="b">ill. ;</subfield>
      <subfield code="c">in-8.</subfield>
    </datafield>
    <datafield tag="336" ind1=" " ind2=" ">
      <subfield code="a">tekst</subfield>
      <subfield code="b">txt</subfield>
      <subfield code="2">rdacontent/dut</subfield>
    </datafield>
    <datafield tag="337" ind1=" " ind2=" ">
      <subfield code="a">zonder medium</subfield>
      <subfield code="b">n</subfield>
      <subfield code="2">rdamedia/dut</subfield>
    </datafield>
    <datafield tag="338" ind1=" " ind2=" ">
      <subfield code="a">band</subfield>
      <subfield code="b">nc</subfield>
      <subfield code="2">rdacarrier/dut</subfield>
    </datafield>
    <datafield tag="500" ind1=" " ind2=" ">
      <subfield code="a">* 8 A-2L 8 2M 4.</subfield>
    </datafield>
    <datafield tag="500" ind1=" " ind2=" ">
      <subfield code="a">Auteur: Karl Heinrich von Heinecken.</subfield>
    </datafield>
    <datafield tag="504" ind1=" " ind2=" ">
      <subfield code="a">Met table alphabetique.</subfield>
    </datafield>
    <datafield tag="650" ind1=" " ind2="0">
      <subfield code="a">Engraving</subfield>
      <subfield code="x">Collectors and collecting.</subfield>
    </datafield>
    <datafield tag="650" ind1=" " ind2="0">
      <subfield code="a">Engraving</subfield>
      <subfield code="x">History.</subfield>
    </datafield>
    <datafield tag="650" ind1=" " ind2="0">
      <subfield code="a">Illustrated books</subfield>
      <subfield code="x">History</subfield>
      <subfield code="y">15th and 16th centuries.</subfield>
    </datafield>
    <datafield tag="650" ind1=" " ind2="6">
      <subfield code="a">Livres illustrés</subfield>
      <subfield code="x">Histoire</subfield>
      <subfield code="y">15e et 16e siècles.</subfield>
    </datafield>
    <datafield tag="648" ind1=" " ind2="7">
      <subfield code="a">1400-1599</subfield>
      <subfield code="2">fast</subfield>
    </datafield>
    <datafield tag="650" ind1=" " ind2="7">
      <subfield code="a">Engraving.</subfield>
      <subfield code="2">fast</subfield>
      <subfield code="0">(OCoLC)fst00912443</subfield>
    </datafield>
    <datafield tag="650" ind1=" " ind2="7">
      <subfield code="a">Engraving</subfield>
      <subfield code="x">Collectors and collecting.</subfield>
      <subfield code="2">fast</subfield>
      <subfield code="0">(OCoLC)fst00912444</subfield>
    </datafield>
    <datafield tag="650" ind1=" " ind2="7">
      <subfield code="a">Illustrated books.</subfield>
      <subfield code="2">fast</subfield>
      <subfield code="0">(OCoLC)fst00967377</subfield>
    </datafield>
    <datafield tag="655" ind1=" " ind2="7">
      <subfield code="a">History.</subfield>
      <subfield code="2">fast</subfield>
      <subfield code="0">(OCoLC)fst01411628</subfield>
    </datafield>
    <datafield tag="710" ind1="0" ind2=" ">
      <subfield code="a">Kraus, Johann Paul (Leipzig)</subfield>
      <subfield code="4">prt</subfield>
      <subfield code="0">(NL-LeOCL)07716573X</subfield>
    </datafield>
    <datafield tag="710" ind1="0" ind2=" ">
      <subfield code="a">Kraus, Johann Paul (Wenen)</subfield>
      <subfield code="4">prt</subfield>
      <subfield code="0">(NL-LeOCL)077150791</subfield>
    </datafield>
    <datafield tag="758" ind1=" " ind2=" ">
      <subfield code="a">Idée générale d'une collection complette d'estampes (Text)</subfield>
      <subfield code="1">https://id.oclc.org/worldcat/entity/E39PCH7VGxdjYFfvypPxG3PQD3</subfield>
      <subfield code="4">https://id.oclc.org/worldcat/ontology/hasWork</subfield>
    </datafield>
    <datafield tag="776" ind1="0" ind2=" ">
      <subfield code="t">Idée générale d'une collection complette d'estampes. Avec une dissertation sur l'origine de la gravure &amp; sur les premiers livres d'images</subfield>
      <subfield code="w">(NL-LeOCL)398632227</subfield>
    </datafield>
    <datafield tag="936" ind1=" " ind2=" ">
      <subfield code="a">BATCHLOAD</subfield>
    </datafield>
  </record>